000 00295nam a2200133Ia 4500
008 231129s1970||||xx |||||||||||||| ||spa||
040 _bspa
082 _aF844.9 F289c
100 _aFebvre Lucien
245 0 _aCombates por la historia
260 _c1970
264 _aAriel
942 _2ddc
_cBKS
999 _c7403
_d7403